000 00741nam a2200193 a 4500
003 0
005 20250602155733.0
008 021022s19uu xx 00 eng d
050 _aPHS GV 1469.35.S78
_b.Am45 2002
100 _aAmistad, Paul Dominic A.
245 _aThe Effects of network gaming to the study habits of Las Piñas High School students /
_cPaul Dominic A. Amistad.
260 _aLas Piñas City, Philippines :
_bSouthville International School and Colleges,
_c2002.
300 _aunnumbered pages :
_billustrations ;
_c28 cm.
504 _aIncludes bibliographical references.
650 _aComputer games
_xPsychological aspects.
650 _aInternet games
_xSocial aspects.
650 _aStudy skills.
942 _2lcc
_cPASS
999 _c96748
_d96748